00475 a2200169 450000100060000002000180000604000220002410000220004624000250006824500200009330000080011336200090012165000350013094200070016595201160017299900170028859764 a9783551555359 cAnchieta - Pituba aChancellor, Herry10aTom Scatterhornlpor10aTom Scatterhorn a5210 a2008 4aLiteratura juvenil em alemàƒo cBK 00104070a91.1b91.1d2023-11-21l0oLJ 028.543 C454t CHA TOMp11223/PITr2023-11-21 18:27:51w2023-11-21yBK c59764d59764